000 00829cam a2200265 a 4500
008
020 _a9780230002050 (pbk.)
049 _aMAIN
090 _aHD57.7.A28
_bJOH.
245 0 0 _aJohn Adair :
_bfundamentals of leadership /
_cedited by Jonathan Gosling, Peter Case and Morgen Witzel.
260 _aBasingstoke [England] :
_bPalgrave Macmillan,
_c2007.
300 _axv, 220 p. :
_bill. ;
_c23 cm.
500 _aIncludes index.
504 _aIncludes bibliographical references.
600 1 0 _aAdair, John Eric.
650 0 _aLeadership.
700 1 _aGosling, Jonathan.
700 1 _aCase, Peter.
700 1 _aWitzel, Morgen.
907 _a.b10352107
_b01-12-14
_c01-12-14
003
005 20230123122126.0
040 _cNUST
942 _cBOOKS
_kHD57.7.A28
_mJOH.
999 _c128239
_d128239